000 00570nam a2200193Ia 4500
005 20250923144923.0
008 008 250917s9999 xx 000 0 eng d
037 _aTextual
040 _aDSWL
_beng
_cDSWL
041 _aeng
_2eng
084 _aYX;ZB, N157;1
_qDSWL
100 _aPerlman, H.H.
_9829832
245 0 _aSocial casework a problem solving process
_cby H.H. Perlman
260 _aBombay
_bThe University Chicago Press
365 _aUSD
_b1
925 _g1
942 _cTEXL
_hYX;ZB, N157;1
999 _c1444994
_d1444994